000 01454cam0 2200361 ib4500
001 BY-MI0004-br52868
005 20260326125633.0
010 ^a978-5-7833-2979-1
^d3 р.
035 ^a(BY-MI0004)BY-MI0004-br52868
100 ^a20260326d2022 a y0rusy50 ca
101 0 ^arus
102 ^aRU
105 ^aa z 000oy
109 ^ama
181 0 ^ai4
182 0 ^an
200 1 ^aБармалей
^e[для детей дошкольного возраста]
^fКорней Чуковский
^g[художники: В. А. Жигарев, В. Л. Вахтин]
203 ^aТекст
^cнепосредственный
210 ^aМосква
^cФламинго
^d2022
215 ^a[18] с.
^d22 см
333 ^a0+
345 ^920000 экз.
608 ^aДЕТСКАЯ И ЮНОШЕСКАЯ ЛИТЕРАТУРА (художеств. произведение)
^3BY-NLB-ar9019
^2BYGNR
608 ^aИЗДАНИЕ ДЛЯ ДЕТЕЙ РАННЕГО ВОЗРАСТА
^3BY-NLB-ar14328272
^2BYGNR
686 ^a84(2Рос)6
^2rubbk
690 ^a1
^2Base
^9BY-MI0004
^xRSEK
700 1 ^aЧуковский
^bК. И.
^gКорней Иванович
^cписатель
^f1882—1969
^3BY-NLB-ar2359749
702 1 ^aВахтин
^bВ. Л.
^3BY-SEK-267076
^4040
702 1 ^aЖигарев
^bВ. А.
^3BY-SEK-197018
^4040
801 0 ^aBY
^bBY-MI0004
^c20260326
^gRCR
899 ^aBY-MI0004
^iЧ-88
^h84(2Рос)6